Statistics for where are kpop idols from

Click here to take the quiz!

General Stats

  • This quiz has been taken 91 times
  • The average score is 4 of 15

Answer Stats

idolcity% Correct
chaeyeongseoul
96%
jisooseoul
96%
jennieseoul
96%
lisabangkok
45%
roseauckland
18%
vbisan-dong
4%
liabucheon-si
1%
ryjuinchuncheon-si
1%
jingwacheon-si
1%
j hopellgok-dong,gwangju
1%
jungkookmandeok-dong,busan
1%
yunasuwon-si
1%
sugataejeon-dong
1%
yejiwansan-gu,jeonju-si
1%
rmyeoui-dong.seoul
1%

Score Distribution

Percentile by Number Answered

Percent of People with Each Score

Your Score History

You have not taken this quiz